[Event "Bosnjaci op 28th"]
[Site "Bosnjaci"]
[Date "2024.01.03"]
[Round "1"]
[White "Cupic, Lovro"]
[Black "Turicar, Goran"]
[Result "1-0"]
[WhiteElo "2265"]
[BlackElo "1780"]
[PlyCount "35"]
[EventDate "2024.01.03"]
[EventType "swiss"]
[EventRounds "9"]
[EventCountry "CRO"]
[SourceTitle "CB02_2024"]
[SourceDate "2024.01.10"]
[SourceVersion "1"]
[SourceVersionDate "2024.01.10"]
[SourceQuality "1"]

1. d4 c5 2. d5 Nf6 3. c4 e6 4. Nc3 a6 5. e4 exd5 6. e5 Ne4 7. Nxd5 Be7 8. Qg4 Bg5 9. Qxe4 Bxc1 10. Rxc1 0-0 11. Bd3 g6 12. Nf6+ Kg7 13. h4 d6 14. h5 Bf5 15. hxg6 Bxe4 16. Rxh7+ Kxg6 17. Bxe4+ Kg5 18. Nh3# 1-0

[Event "Hum na Sutli op 13th"]
[Site "Hum na Sutli"]
[Date "2019.08.24"]
[Round "1"]
[White "Turicar, Goran"]
[Black "Horvat, Damjan"]
[Result "0-1"]
[WhiteElo "1767"]
[BlackElo "2164"]
[PlyCount "76"]
[EventDate "2019.08.24"]
[EventType "swiss"]
[EventRounds "9"]
[EventCountry "CRO"]
[SourceTitle "EXT 2020"]
[Source "ChessBase"]
[SourceDate "2019.10.17"]
[SourceVersion "1"]
[SourceVersionDate "2019.10.17"]
[SourceQuality "1"]

1. e4 c5 2. Nf3 d6 3. c3 Nf6 4. Be2 g6 5. 0-0 Bg7 6. d3 0-0 7. h3 Nc6 8. Na3 Rb8 9. Be3 b5 10. Rb1 a5 11. e5 Nd5 12. d4 b4 13. Nc4 bxc3 14. dxc5 Nxe3 15. Nxe3 cxb2 16. cxd6 Nxe5 17. Nxe5 Bxe5 18. Nc4 exd6 19. Qc2 Qf6 20. Nxe5 Qxe5 21. Bd3 Be6 22. Rfe1 Qf6 23. Qa4 Qc3 24. Be4 Qb4 25. Qxb4 Rxb4 26. a3 Rxe4 27. Rxe4 Bf5 28. f3 Bxe4 29. fxe4 Rb8 30. Kf2 Kg7 31. Ke2 Kf6 32. Kd2 Ke5 33. Kc3 a4 34. Rxb2 Rxb2 35. Kxb2 Kd4 36. g4 h6 37. Kc2 f6 38. h4 Kxe4 0-1

[Event "Osijek op 12th"]
[Site "Osijek"]
[Date "2019.02.22"]
[Round "4.24"]
[White "Turicar, Goran"]
[Black "Marjanovic, Alex"]
[Result "0-1"]
[WhiteElo "1866"]
[BlackElo "1538"]
[PlyCount "112"]
[EventDate "2019.02.21"]
[EventType "swiss"]
[EventRounds "7"]
[EventCountry "CRO"]
[SourceTitle "EXT 2023"]
[Source "ChessBase"]
[SourceDate "2022.10.05"]
[SourceVersion "1"]
[SourceVersionDate "2022.10.05"]
[SourceQuality "1"]

1. e4 c5 2. Nf3 Nc6 3. c3 d5 4. exd5 Qxd5 5. Be2 Nf6 6. 0-0 e6 7. d4 Be7 8. Bb5 0-0 9. c4 Qd6 10. Bxc6 Qxc6 11. Re1 Rd8 12. d5 Qd6 13. Qe2 Re8 14. Nc3 exd5 15. cxd5 Nxd5 16. Nxd5 Qxd5 17. Bg5 Be6 18. Bxe7 Rxe7 19. b3 Rae8 20. Rad1 Qc6 21. Qc2 g6 22. Qc3 Bg4 23. Rxe7 Rxe7 24. Rd8+ Re8 25. Rxe8+ Qxe8 26. Qxc5 Qe2 27. Qc3 Qxa2 28. Ne1 Be6 29. b4 Qc4 30. Qd2 Qd5 31. Qe3 b6 32. h3 Qb3 33. Qd2 Qd5 34. Qf4 Qb7 35. Nf3 a5 36. Ng5 Bd5 37. bxa5 bxa5 38. f3 Qa7+ 39. Kh2 a4 40. Qd6 Qb7 41. Qd8+ Kg7 42. Qa5 h6 43. Qc3+ Kg8 44. Ne4 Bxe4 45. fxe4 Qxe4 46. Qc8+ Kh7 47. Qc7 Qe6 48. Qa5 Qb3 49. Qa7 a3 50. h4 h5 51. Qe7 a2 52. Qf6 Qb8+ 53. Kh3 Qc8+ 54. Kh2 Qc7+ 55. Kh3 Qd7+ 56. Kg3 Qf5 0-1

[Event "Bosnjaci op 24th"]
[Site "Bosnjaci"]
[Date "2019.01.06"]
[Round "5"]
[White "Cvitan, Ena"]
[Black "Turicar, Goran"]
[Result "1-0"]
[WhiteElo "2201"]
[BlackElo "1862"]
[PlyCount "45"]
[EventDate "2019.01.03"]
[EventType "swiss"]
[EventRounds "9"]
[EventCountry "CRO"]
[SourceTitle "CBM 188 Extra"]
[Source "ChessBase"]
[SourceDate "2019.02.26"]
[SourceVersion "1"]
[SourceVersionDate "2019.02.26"]
[SourceQuality "1"]

1. d4 d5 2. Nf3 Nf6 3. Bf4 e6 4. e3 Bd6 5. Bg3 0-0 6. Nbd2 c5 7. c3 Nc6 8. Bd3 Ne7 9. Qe2 c4 10. Bc2 Ng6 11. Ne5 Qe7 12. h4 Bxe5 13. dxe5 Nd7 14. Nf3 f5 15. exf6 gxf6 16. e4 Nde5 17. 0-0-0 Qf7 18. h5 Ne7 19. Nxe5 fxe5 20. Bxe5 Rd8 21. Rh3 Nf5 22. exf5 exf5 23. Rg3+ 1-0

[Event "Hum na Sutli op 12th"]
[Site "Hum na Sutli"]
[Date "2018.08.25"]
[Round "1"]
[White "Turicar, Goran"]
[Black "Matic, Zeljko"]
[Result "0-1"]
[WhiteElo "1837"]
[BlackElo "2245"]
[PlyCount "68"]
[EventDate "2018.08.25"]
[EventType "swiss"]
[EventRounds "9"]
[EventCountry "CRO"]
[SourceTitle "CBM 186 Extra"]
[Source "ChessBase"]
[SourceDate "2018.08.24"]
[SourceVersion "1"]
[SourceVersionDate "2018.08.24"]
[SourceQuality "1"]

1. e4 g6 2. Nf3 Bg7 3. d4 d6 4. Be2 Nf6 5. Nc3 0-0 6. 0-0 c5 7. dxc5 dxc5 8. Qxd8 Rxd8 9. Bd3 Nc6 10. Be3 b6 11. h3 Bb7 12. Bg5 h6 13. Bh4 Nh5 14. e5 g5 15. Bg3 Nxg3 16. fxg3 Nxe5 17. Nxe5 Bxe5 18. Rae1 Bd4+ 19. Kh2 e6 20. Bh7+ Kg7 21. Bd3 c4 22. Bxc4 Bxc3 23. bxc3 Rac8 24. Bd3 Rxc3 25. Rf2 Rd7 26. h4 Bc6 27. hxg5 hxg5 28. Re5 Rd5 29. Re1 Ra5 30. g4 Rxa2 31. Ref1 Be8 32. Bb5 Kf8 33. Bd3 Ke7 34. Re1 Rxd3 0-1

[Event "Osijek-Baranja CupT 11th"]
[Site "Nasice"]
[Date "2018.02.16"]
[Round "1.1"]
[White "Turicar, Goran"]
[Black "Tomicic, Zvonimir"]
[Result "0-1"]
[WhiteElo "1832"]
[BlackElo "2183"]
[PlyCount "48"]
[EventDate "2018.02.16"]
[EventType "team-swiss"]
[EventRounds "5"]
[EventCountry "CRO"]
[SourceTitle "EXT 2023"]
[Source "ChessBase"]
[SourceDate "2022.10.05"]
[SourceVersion "1"]
[SourceVersionDate "2022.10.05"]
[SourceQuality "1"]
[WhiteTeam "Djurdjenovac SK"]
[BlackTeam "Osijek 2017"]
[WhiteTeamCountry "CRO"]
[BlackTeamCountry "CRO"]

1. e4 d6 2. Nf3 g6 3. d4 Bg7 4. Nc3 Nd7 5. Be3 e6 6. Bd3 Ne7 7. 0-0 h6 8. Ne2 0-0 9. Qd2 Kh7 10. c3 b6 11. h3 Bb7 12. Qc2 Rc8 13. Nd2 c5 14. Qa4 a6 15. Qb3 Qc7 16. Rac1 d5 17. c4 dxe4 18. Nxe4 f5 19. N4g3 cxd4 20. Nxd4 Nc5 21. Qc2 f4 22. Nh5 fxe3 23. Nxg7 exf2+ 24. Kh1 Qg3 0-1

[Event "Osijek op 10th"]
[Site "Osijek"]
[Date "2017.02.26"]
[Round "7"]
[White "Turicar, Goran"]
[Black "Galonja, Igor"]
[Result "1-0"]
[WhiteElo "1860"]
[BlackElo "1729"]
[PlyCount "73"]
[EventDate "2017.02.23"]
[EventType "swiss"]
[EventRounds "7"]
[EventCountry "CRO"]
[SourceTitle "EXT 2019"]
[Source "ChessBase"]
[SourceDate "2018.10.10"]
[SourceVersion "1"]
[SourceVersionDate "2018.10.10"]
[SourceQuality "1"]

1. e4 d5 2. exd5 Nf6 3. c4 c6 4. Nc3 cxd5 5. d4 e6 6. Nf3 Be7 7. c5 0-0 8. Bd3 h6 9. 0-0 Nc6 10. a3 a5 11. Bc2 b6 12. Be3 bxc5 13. dxc5 Ba6 14. Re1 Rb8 15. Ba4 Qc7 16. Qc1 Ng4 17. Bf4 Qb7 18. Bxb8 Rxb8 19. b4 axb4 20. Nxd5 exd5 21. Bxc6 Qc7 22. axb4 Bc4 23. h3 Bf6 24. Ra8 Rxa8 25. Bxa8 Ne5 26. Nxe5 Bxe5 27. Qd2 d4 28. Bf3 d3 29. Be4 Bf4 30. Bxd3 Be6 31. Qc2 Qb7 32. b5 Bb8 33. b6 Kf8 34. Bf5 Bd5 35. Be4 Qe7 36. Qe2 Qe5 37. g3 1-0

[Event "Osijek op 10th"]
[Site "Osijek"]
[Date "2017.02.23"]
[Round "2"]
[White "Kejzar, Petra"]
[Black "Turicar, Goran"]
[Result "1/2-1/2"]
[WhiteElo "2044"]
[BlackElo "1860"]
[PlyCount "72"]
[EventDate "2017.02.23"]
[EventType "swiss"]
[EventRounds "7"]
[EventCountry "CRO"]
[SourceTitle "EXT 2019"]
[Source "ChessBase"]
[SourceDate "2018.10.10"]
[SourceVersion "1"]
[SourceVersionDate "2018.10.10"]
[SourceQuality "1"]

1. e4 c5 2. Nf3 e6 3. d4 cxd4 4. Nxd4 a6 5. Be3 Qc7 6. a3 Nf6 7. Nc3 Nc6 8. f4 Nxd4 9. Qxd4 Ng4 10. Qb6 Bd6 11. Qxc7 Bxc7 12. Bd2 Bb6 13. Nd1 0-0 14. h3 Nf6 15. Bd3 d5 16. e5 Nd7 17. Bb4 Re8 18. Nc3 f6 19. exf6 Nxf6 20. Bd6 Bd7 21. g4 Bc6 22. Rf1 Rad8 23. Be5 Nd7 24. Kd2 Nxe5 25. fxe5 Rf8 26. Ne2 Ba5+ 27. c3 Rxf1 28. Rxf1 d4 29. b4 dxc3+ 30. Nxc3 Bc7 31. Re1 a5 32. Kc2 axb4 33. axb4 h6 34. Bc4 Kf7 35. b5 Bg2 36. Rg1 Bd5 1/2-1/2

[Event "Osijek-Baranja CupT 10th"]
[Site "Nasice"]
[Date "2017.02.18"]
[Round "2.1"]
[White "Aleksic, Robert"]
[Black "Turicar, Goran"]
[Result "1-0"]
[WhiteElo "2153"]
[BlackElo "1860"]
[PlyCount "67"]
[EventDate "2017.02.17"]
[EventType "team-swiss"]
[EventRounds "5"]
[EventCountry "CRO"]
[SourceTitle "EXT 2019"]
[Source "ChessBase"]
[SourceDate "2018.10.10"]
[SourceVersion "1"]
[SourceVersionDate "2018.10.10"]
[SourceQuality "1"]

1. e4 c5 2. Nf3 e6 3. d4 cxd4 4. Nxd4 a6 5. Nc3 Qc7 6. Be2 Nc6 7. 0-0 Nf6 8. Be3 Bb4 9. Nxc6 dxc6 10. Bd3 0-0 11. f4 Bxc3 12. bxc3 c5 13. c4 Rd8 14. e5 Ne8 15. Qh5 g6 16. Qh6 b6 17. Rf3 Rxd3 18. cxd3 Bb7 19. Rh3 f5 20. exf6 Nxf6 21. Qg5 Rf8 22. Rf1 Qc6 23. Bd2 b5 24. cxb5 axb5 25. Bc3 Ne8 26. Rf2 Rf5 27. Qh6 Qc7 28. Be5 Qf7 29. g4 Rf6 30. Bxf6 Nxf6 31. Qg5 Nd5 32. f5 exf5 33. gxf5 Qd7 34. fxg6 1-0

[Event "Osijek-Baranja CupT 10th"]
[Site "Nasice"]
[Date "2017.02.18"]
[Round "3.3"]
[White "Turicar, Goran"]
[Black "Lijic, Kristina"]
[Result "1-0"]
[WhiteElo "1860"]
[BlackElo "1780"]
[PlyCount "111"]
[EventDate "2017.02.17"]
[EventType "team-swiss"]
[EventRounds "5"]
[EventCountry "CRO"]
[SourceTitle "EXT 2019"]
[Source "ChessBase"]
[SourceDate "2018.10.10"]
[SourceVersion "1"]
[SourceVersionDate "2018.10.10"]
[SourceQuality "1"]

1. e4 c5 2. Nf3 d6 3. c3 Nf6 4. Be2 g6 5. 0-0 Bg7 6. d3 0-0 7. Be3 Nc6 8. h3 a6 9. Nbd2 b5 10. a3 Bb7 11. Nh2 e6 12. f4 Qd7 13. Ng4 Nh5 14. f5 exf5 15. exf5 Ng3 16. f6 Nf5 17. fxg7 Kxg7 18. Bf2 h5 19. Ne3 Nxe3 20. Bxe3 Rae8 21. Bf2 Qe7 22. Bf3 Ne5 23. Bxb7 Qxb7 24. d4 Nd3 25. Nf3 c4 26. b3 d5 27. bxc4 bxc4 28. Rb1 Qe7 29. Ne5 Nf4 30. Bg3 Ne6 31. Qa4 Qg5 32. Rxf7+ Rxf7 33. Qxe8 Re7 34. Qxg6+ Qxg6 35. Nxg6 Kxg6 36. Rb6 Kf5 37. Rxa6 Rg7 38. Be5 Rb7 39. g4+ hxg4 40. hxg4+ Kxg4 41. Rxe6 Rb3 42. Rg6+ Kf5 43. Rg3 Rxa3 44. Kf2 Rb3 45. Ke2 Ke4 46. Kd2 Kf5 47. Kc2 Ke4 48. Bd6 Rb5 49. Bb4 Rb6 50. Rg5 Re6 51. Kd2 Re8 52. Bd6 Re6 53. Re5+ Rxe5 54. dxe5 Kf5 55. Ke3 Ke6 56. Kd4 1-0

[Event "Topusko op 4th"]
[Site "Topusko"]
[Date "2015.08.02"]
[Round "2"]
[White "Turicar, Goran"]
[Black "Bozinovic, Bogdan"]
[Result "0-1"]
[WhiteElo "1836"]
[BlackElo "2223"]
[PlyCount "102"]
[EventDate "2015.08.01"]
[EventType "swiss"]
[EventRounds "9"]
[EventCountry "CRO"]
[SourceTitle "CBM 167 Extra"]
[Source "ChessBase"]
[SourceDate "2015.09.14"]
[SourceVersion "1"]
[SourceVersionDate "2015.09.14"]
[SourceQuality "1"]

1. e4 c5 2. Nf3 d6 3. c3 Nf6 4. Be2 Nbd7 5. d3 b6 6. 0-0 Bb7 7. Bf4 g6 8. Nbd2 Bg7 9. Qc2 Rc8 10. Nc4 d5 11. exd5 Nxd5 12. Bg3 0-0 13. Rfe1 b5 14. Ncd2 Re8 15. Rad1 Qb6 16. a3 a6 17. c4 Nc7 18. Nb3 e5 19. Ng5 h6 20. Nf3 Ne6 21. Bf1 Nd4 22. Nbxd4 cxd4 23. b4 bxc4 24. dxc4 e4 25. Nxd4 Bxd4 26. c5 Nxc5 27. bxc5 Qxc5 28. Qa4 Red8 29. Rc1 Qa7 30. Rxc8 Rxc8 31. Qd7 e3 32. fxe3 Bxe3+ 33. Kh1 Bxg2+ 34. Kxg2 Qxd7 35. Rxe3 Qd5+ 36. Kg1 Rc1 37. Re8+ Kg7 38. Re5 Qd1 39. Re1 Qxe1 40. Bxe1 Rxe1 41. Kf2 Ra1 42. Bxa6 Rxa3 43. Bc4 f5 44. Be2 g5 45. Bf3 Kg6 46. h3 h5 47. Kg2 Ra2+ 48. Kf1 Rb2 49. Bc6 g4 50. h4 f4 51. Be8+ Kh6 0-1

[Event "Osijek op"]
[Site "Osijek"]
[Date "2015.03.08"]
[Round "7"]
[White "Turicar, Goran"]
[Black "Skocibusic, Davor"]
[Result "0-1"]
[WhiteElo "1798"]
[BlackElo "1711"]
[PlyCount "134"]
[EventDate "2015.03.05"]
[EventType "swiss"]
[EventRounds "7"]
[EventCountry "CRO"]
[SourceTitle "CBM 165 Extra"]
[Source "ChessBase"]
[SourceDate "2015.04.21"]
[SourceVersion "1"]
[SourceVersionDate "2015.04.21"]
[SourceQuality "1"]

1. e4 Nc6 2. Nf3 e5 3. d4 exd4 4. Nxd4 Qf6 5. Be3 Bc5 6. c3 Nge7 7. Be2 d6 8. 0-0 0-0 9. Nxc6 Nxc6 10. Bxc5 dxc5 11. f4 b6 12. Nd2 Re8 13. Qc2 Bb7 14. Rae1 Rad8 15. e5 Qe6 16. Bd3 g6 17. Ne4 Kg7 18. Nf6 Rh8 19. b3 Ne7 20. f5 Qc8 21. Ng4 Ng8 22. e6 fxe6 23. c4 gxf5 24. Qc3+ Rd4 25. Ne5 Nf6 26. Nf3 Bxf3 27. Rxf3 Kf7 28. b4 Rg8 29. bxc5 bxc5 30. Bf1 Ne4 31. Qe3 Ng5 32. Rg3 Re4 33. Qf2 Rxe1 34. Qxe1 Ne4 35. Rf3 Qb7 36. Bd3 Qb2 37. Bf1 Qd4+ 38. Kh1 Nd6 39. Rd3 Qb2 40. Rd2 Qc3 41. Qe2 Rg4 42. Rc2 Qd4 43. h3 Ne4 44. Qf3 Ng3+ 45. Kh2 Nxf1+ 46. Qxf1 Qf4+ 47. Kg1 Qxf1+ 48. Kxf1 Rd4 49. Ke2 e5 50. Ke3 Ke6 51. Kf3 Rd3+ 52. Ke2 e4 53. Rc1 Ke5 54. Rc2 f4 55. Kf2 Kd4 56. Ke2 Rc3 57. Rd2+ Kxc4 58. Rd7 Rc2+ 59. Kf1 Rxa2 60. Rxc7 Kd3 61. Rxc5 Ra1+ 62. Kf2 e3+ 63. Kf3 Rf1+ 64. Kg4 e2 65. Re5 e1Q 66. Rxe1 Rxe1 67. Kxf4 a5 0-1

[Event "Osijek op"]
[Site "Osijek"]
[Date "2015.03.06"]
[Round "4"]
[White "Blaga, Marijan"]
[Black "Turicar, Goran"]
[Result "1-0"]
[WhiteElo "2046"]
[BlackElo "1798"]
[PlyCount "87"]
[EventDate "2015.03.05"]
[EventType "swiss"]
[EventRounds "7"]
[EventCountry "CRO"]
[SourceTitle "CBM 165 Extra"]
[Source "ChessBase"]
[SourceDate "2015.04.21"]
[SourceVersion "1"]
[SourceVersionDate "2015.04.21"]
[SourceQuality "1"]

1. e4 c5 2. Nf3 d6 3. d4 cxd4 4. Nxd4 a6 5. Bc4 Nf6 6. Nc3 e5 7. Nde2 Be7 8. 0-0 0-0 9. a3 Nc6 10. h3 Be6 11. Bd3 b5 12. Nd5 Na5 13. Nxe7+ Qxe7 14. Bg5 Nb7 15. b4 h6 16. Bh4 Rac8 17. a4 Bc4 18. axb5 axb5 19. Ra7 g5 20. Bg3 Rc7 21. f3 Rfc8 22. Qa1 Nd8 23. Rxc7 Qxc7 24. Bf2 Nc6 25. Bxc4 bxc4 26. b5 Nd8 27. Nc3 Qb7 28. Rd1 Ra8 29. Qb2 Qb8 30. Qb4 Nb7 31. Qxc4 Qc8 32. Qb3 Nc5 33. Qb4 Ne8 34. Nd5 Qe6 35. Bxc5 dxc5 36. Qxc5 Kg7 37. c4 Rc8 38. Qb4 Nd6 39. c5 Ne8 40. c6 Nc7 41. Nxc7 Rxc7 42. Rd5 f5 43. Qd6 Qxd6 44. Rxd6 1-0

[Event "Topusko op 3rd"]
[Site "Topusko"]
[Date "2014.08.08"]
[Round "1"]
[White "Yao, Stefano"]
[Black "Turicar, Goran"]
[Result "1-0"]
[WhiteElo "2185"]
[BlackElo "1787"]
[PlyCount "73"]
[EventDate "2014.08.08"]
[EventType "swiss"]
[EventRounds "9"]
[EventCountry "CRO"]
[SourceTitle "CBM 162 Extra"]
[Source "ChessBase"]
[SourceDate "2014.10.17"]
[SourceVersion "1"]
[SourceVersionDate "2014.10.17"]
[SourceQuality "1"]

1. d4 d5 2. Nf3 Nf6 3. c4 e6 4. g3 Be7 5. Bg2 0-0 6. 0-0 Nc6 7. Nbd2 Rb8 8. b3 b6 9. Bb2 Bb7 10. Rc1 a5 11. cxd5 exd5 12. Ne5 Nxe5 13. dxe5 Nd7 14. Qc2 c5 15. Qf5 g6 16. Qd3 d4 17. f4 Bxg2 18. Kxg2 Qc7 19. e3 Qb7+ 20. Nf3 g5 21. h3 Rfd8 22. Kh2 dxe3 23. Qxe3 Nf8 24. f5 Re8 25. Nxg5 f6 26. Ne4 Nd7 27. e6 Rf8 28. exd7 Qxd7 29. Rcd1 Qc6 30. Ng5 Rbe8 31. Ne6 Rf7 32. Rf2 c4 33. Bd4 cxb3 34. axb3 Bd8 35. Rfd2 Rg7 36. Qc3 Qxc3 37. Bxc3 1-0

[Event "Osijek-ch op"]
[Site "Osijek"]
[Date "2014.02.20"]
[Round "1"]
[White "Turicar, Goran"]
[Black "Blaga, Marijan"]
[Result "0-1"]
[WhiteElo "1757"]
[BlackElo "2073"]
[PlyCount "70"]
[EventDate "2014.02.20"]
[EventType "swiss"]
[EventRounds "7"]
[EventCountry "CRO"]
[SourceTitle "CBM 159 Extra"]
[Source "ChessBase"]
[SourceDate "2014.04.24"]
[SourceVersion "1"]
[SourceVersionDate "2014.04.24"]
[SourceQuality "1"]

1. e4 e6 2. Nf3 d5 3. e5 c5 4. d4 Nc6 5. c3 f6 6. Be2 Be7 7. 0-0 f5 8. Be3 b6 9. Qa4 Bd7 10. Bb5 Qc8 11. Nbd2 a6 12. Bxc6 Bxc6 13. Qd1 h6 14. dxc5 bxc5 15. Nb3 Ba4 16. Qc1 g5 17. h3 Rb8 18. Re1 Qc7 19. Nh2 Qb6 20. g4 f4 21. Bd2 h5 22. Qc2 Kf7 23. c4 d4 24. Qe4 Bc6 25. Qd3 hxg4 26. Nxg4 Nh6 27. f3 Nf5 28. Ba5 Qb7 29. Nd2 Rxh3 30. Kf2 Rbh8 31. Rg1 Ne3 32. b3 Bxf3 33. Nf1 Nxg4+ 34. Ke1 Nxe5 35. Qc2 g4 0-1

[Event "Osijek-ch op"]
[Site "Osijek"]
[Date "2014.02.20"]
[Round "2"]
[White "Turkalj, Zvonko"]
[Black "Turicar, Goran"]
[Result "1/2-1/2"]
[WhiteElo "1927"]
[BlackElo "1757"]
[PlyCount "74"]
[EventDate "2014.02.20"]
[EventType "swiss"]
[EventRounds "7"]
[EventCountry "CRO"]
[SourceTitle "CBM 159 Extra"]
[Source "ChessBase"]
[SourceDate "2014.04.24"]
[SourceVersion "1"]
[SourceVersionDate "2014.04.24"]
[SourceQuality "1"]

1. d4 d5 2. c4 e6 3. g3 Nf6 4. Nf3 Be7 5. Ne5 0-0 6. c5 Nbd7 7. f4 c6 8. Nc3 Nxe5 9. fxe5 Nd7 10. Bh3 a5 11. 0-0 b6 12. cxb6 Nxb6 13. e4 Ba6 14. Rf3 c5 15. exd5 Nxd5 16. Nxd5 Qxd5 17. Bg2 Qxd4+ 18. Qxd4 cxd4 19. Bd2 Rab8 20. Bxa5 Rxb2 21. Rb3 Re2 22. Bc7 Bg5 23. Bf1 d3 24. Bxe2 dxe2 25. Kf2 Bd2 26. Rab1 e1Q+ 27. Rxe1 Bxe1+ 28. Kxe1 Bc4 29. Rb2 h5 30. a4 Kh7 31. Rb4 Bd5 32. a5 Rc8 33. Bb6 Rc1+ 34. Kd2 Rh1 35. h4 Rh2+ 36. Ke1 Ra2 37. Rd4 Kg6 1/2-1/2